Statistics for Animals in the Quran

Click here to take the quiz!

General Stats

  • This quiz has been taken 66 times
  • The average score is 3 of 5

Answer Stats

Answer% Correct
Cow
79%
Elephant
57%
Ant
53%
Bee
51%
Spider
47%

Score Distribution

Percentile by Number Answered

Percent of People with Each Score

Your Score History

You have not taken this quiz